[Event "Alushta Rapid op"]
[Site "Alushta"]
[Date "2022.07.03"]
[Round "2"]
[White "Gochelashvili, David"]
[Black "Ivanov, Zakhar A"]
[Result "1-0"]
[WhiteElo "2324"]
[BlackElo "1286"]
[PlyCount "77"]
[EventDate "2022.07.03"]
[EventType "swiss (rapid)"]
[EventRounds "11"]
[EventCountry "UKR"]
[SourceTitle "CBM 209 Extra"]
[Source "ChessBase"]
[SourceDate "2022.09.30"]
[SourceVersion "1"]
[SourceVersionDate "2022.09.30"]
[SourceQuality "1"]

1. e4 c5 2. Nf3 d6 3. Bb5+ Bd7 4. a4 a6 5. Bxd7+ Qxd7 6. 0-0 Nc6 7. d4 cxd4 8. Nxd4 Nf6 9. Nc3 e6 10. Be3 Be7 11. a5 0-0 12. f4 Bd8 13. Nb3 Bc7 14. Ra4 Rac8 15. Qf3 Ne8 16. Rd1 Qe7 17. Qf2 f5 18. Bb6 Bb8 19. exf5 Rxf5 20. Re4 Nf6 21. Re2 Qf7 22. Qe3 Re8 23. g3 Ng4 24. Qd3 Nf6 25. Nd4 Nxd4 26. Qxd4 Nd5 27. Ne4 Nxb6 28. Qxb6 d5 29. Ng5 Qh5 30. Rde1 e5 31. Qxb7 e4 32. c4 Bxf4 33. gxf4 Qg4+ 34. Rg2 Qxf4 35. Ne6 Qh6 36. Qxg7+ Qxg7 37. Nxg7 Kf7 38. Nxf5 dxc4 39. Nd6+ 1-0